00649nam a22002057a 4500003000900000005001700009008002800026020001800054040002700072082002400099100003200123245004700155260004800202300002100250490001800271500007300289650003000362650003300392830001800425DO-SdBNP20240226143127.0210701b 2018 pr 00| 0 eng d a9789945608045 aDO-SdBNPbspa cBNPHU  4aPR861.44bC697d2221 aCollazo, Lourdes M.,d1966-10aDevas :b(poesía) /cLourdes M. Collazo. aSan Juan, Puerto Rico:bIsla Negra,c2018. a70 p. ;c22 cm.  aFilo de juego aIncluye datos biográficos de la autora en la solapa de la cubierta 4aPoesía puertorriqueña 4aLiteratura puertorriqueña  aFilo de juego